Guilty Gear Characters - Statistics

General Stats
  • This quiz has been taken 127 times
  • The average score is 32 of 48
Answer Stats
Hint Debut Answer % Correct
Pirate girl Guilty Gear (1998) May
99%
Past version of protagonist Guilty Gear X2/Slash/#Reload/Accent Core+ R (2002-2012) Order Sol
99%
Robotic copy Guilty Gear X2/Slash/#Reload/Accent Core+ R (2002-2012) Robo-Ky
97%
Maniac doctor Guilty Gear (1998) Dr. Baldhead/Faust
96%
Master of shadows Guilty Gear (1998) Zato-1
93%
Evil witch Guilty Gear X2/Slash/#Reload/Accent Core+ R (2002-2012) I-No
91%
One-handed samurai Guilty Gear (1998) Baiken
90%
Slave turned soldier Guilty Gear (1998) Potemkin
90%
Time-traveler Guilty Gear (1998) Axl Low
88%
Ninja president Guilty Gear (1998) Chipp Zanuff
87%
Pirate Captain Guilty Gear X (2000) Johnny
87%
Swift assassin Guilty Gear (1998) Millia Rage
87%
Gunslinger Messiah Guilty Gear -STRIVE- (2021) Happy Chaos/The Original
84%
First King of Illyria Guilty Gear (1998) Ky Kiske
82%
Vampire samurai Guilty Gear -STRIVE- (2021) Nagoriyuki
81%
Devote servant Guilty Gear (1998) Testament
81%
Elegant vampire Guilty Gear X2/Slash/#Reload/Accent Core+ R (2002-2012) Slayer
79%
The Prototype Gear Guilty Gear (1998) Sol Badguy
79%
Presidential escort Guilty Gear -STRIVE- (2021) Giovanna
78%
Billiard assasin Guilty Gear X (2000) Venom
78%
Maiden of the Grove Guilty Gear X (2000) Dizzy
76%
Gear 001 Guilty Gear (1998) Justice
76%
Second King of Illyria Guilty Gear Xrd -SIGN- (2014) Leo Whitefang
75%
Fan fighter Guilty Gear X (2000) Anji Mito
74%
Artificial human Guilty Gear Xrd -SIGN- (2014) Ramlethal Valentine
74%
Tomgirl Guilty Gear X2/Slash/#Reload/Accent Core+ R (2002-2012) Bridget
69%
Secretary of Absolute Defense Guilty Gear -STRIVE- (2021) Goldlewis Dickinson
69%
Hybrid Gear Guilty Gear 2: Overture (2007) Sin Kiske
69%
Knows it all Guilty Gear Xrd -SIGN- (2014) Bedman
65%
Scales of Juno Guilty Gear Xrd -REVELATOR- (2015) Jack-O Valentine
65%
Possessed man Guilty Gear X2/Slash/#Reload/Accent Core+ R (2002-2012) Zappa
63%
Homunculus Guilty Gear X2/Slash/#Reload/Accent Core+ R (2002-2012) A.B.A
60%
Artificial human Guilty Gear 2: Overture (2007) Valentine
56%
Fighting chef Guilty Gear X (2000) Jam Kuradoberi
53%
Head of Holy Order Guilty Gear (1998) Kliff Undersn
51%
That Man Other Asuka R. Kreutz
50%
Masochistic servant Guilty Gear 2: Overture (2007) Raven
49%
Presidential escort Guilty Gear Xrd REV 2 (2017) Answer
47%
Deceased lover Other Aria
46%
Nurse Guilty Gear Petit (2001) Fanny
43%
Third King of Illyria Other Daryl
37%
Gear scientist Guilty Gear 2: Overture (2007) Dr. Paradigm
37%
Yokai man Guilty Gear 2: Overture (2007) Izuna
34%
Incumbent President Other Vernon
31%
Tuner Guilty Gear Xrd -REVELATOR- (2015) Kum Haeyun
24%
God of the Backyard Other Universal Will
22%
Altered gear Guilty Gear Judgement (2006) Judgement
12%
Part of Conclave Guilty Gear Vastedge XT (2013) Baldias
9%
No matching quizzes found
Score Distribution
Percent of People with Each Score
Percentile by Number Answered
Your Score History
You have not taken this quiz